Statistics for Crossword - "H" Words

Click here to take the quiz!

General Stats

  • This quiz has been taken 870 times
  • The average score is 30 of 36

Answer Stats

A/DClueAnswer% Correct
AcrossContinuous pain in the head; migraine (8)Headache
97%
AcrossPronoun to refer to a male (3)Him
97%
DownBelonging to a male (3)His
96%
AcrossFeeling the need for food (6)Hungry
96%
DownBelonging to a female (4)Hers
95%
AcrossHead covering on a coat or jacket (4)Hood
95%
DownAssist, aid or lend a hand with (4)Help
94%
AcrossInformal hello (3)Hey
94%
AcrossRent something or employ someone (4)Hire
93%
DownDried grass used for animal food (3)Hay
92%
AcrossMuscular organs in humans which pump blood (6)Hearts
92%
AcrossStriking or smacking something (7)Hitting
92%
DownWarmest (7)Hottest
92%
AcrossTo emerge from an egg; devise a plan; airplane door (5)Hatch
91%
DownA bank robbery (5)Heist
90%
AcrossU-shaped iron band to protect a horse's hoof (9)Horseshoe
89%
DownMeat from the upper part of a pig's leg (3)Ham
88%
AcrossTall mealtime seat for a young child (9)Highchair
88%
AcrossIn what way (3)How
88%
DownCurse; cast a spell on; having six (3)Hex
86%
DownThe sign - used to join words (e.g. long-term) (6)Hyphen
85%
DownSmall, brown mammal covered in small spines (8)Hedgehog
84%
AcrossPeople that are next in line; successors (5)Heirs
84%
AcrossAbnormally low body temperature (11)Hypothermia
84%
AcrossProcess of gathering in crops (7)Harvest
83%
DownLarge river mammal with large jaws (shortened) (5)Hippo
83%
AcrossOpenings in something; gaps (5)Holes
83%
AcrossThree-dimensional spiral curve; DNA is double (5)Helix
81%
DownGreater; taller; bigger (6)Higher
79%
DownTerrors, fears or frights (7)Horrors
76%
DownLarge fish-eating wading bird with grey-white feathers (5)Heron
74%
DownTo emphasize; an important part of something (9)Highlight
65%
AcrossStorage chest; cage for keeping rabbits (5)Hutch
63%
DownCurved; addicted (6)Hooked
62%
MysteryMystery WordHospital
59%
DownOpen land with rough grass; moorland (5)Heath
54%

Score Distribution

Percentile by Number Answered

Percent of People with Each Score

Your Score History

You have not taken this quiz